000 00286nam a2200109Ia 4500
008 240109s9999 xx 000 0 und d
041 _aeng
100 _aL.R.Jauch / W.F Glueck
245 _aBusiness Policy and Strategic Management
260 _bM.G.H Newyork
650 _aManagement
999 _c1020548
_d1020548